00485nam a2200145Ia 4500008004100000041000800041082001700049100001300066245004500079260004400124700002200168700001500190999001900205952011500224230627s9999 xx 000 0 und d amar a344.046bSIN aSingh C  aTowards Energy Conservation Law In India aBombaybN.M. Tripathi Private Ltdc1989 a Chaudhary P. K.  a Rema Devi c684069d684069 011040708LLBaNLPbNLPd1998-03-31g125.00l0o344.046 SINpNLP-N03452r2023-07-17 00:00:00w2023-07-17yBK